Statistics for Shakespeare Characters by Quotes

Click here to take the quiz!

General Stats

  • This quiz has been taken 80 times
  • The average score is 9 of 22

Answer Stats

QuoteCharacter% Correct
A plague a' both your houses!Mercutio
85%
But soft, what light through yonder window breaks?Romeo
71%
Now is the winter of our discontent/Made glorious summer by this son of YorkRichard III
68%
What's in a name? That which we call a rose/By any other word would smell as sweetJuliet
66%
Lord, what fools these mortals be!Puck
54%
The play's the thing/Wherein I'll catch the conscience of the kingHamlet
53%
If you prick us, do we not bleed?Shylock
51%
O, beware, my lord, of jealousy/It is the green-ey'd monsterIago
49%
How sharper than a serpent's tooth it is/To have a thankless child!King Lear
47%
But screw your courage to the sticking place/And we'll not failLady Macbeth
46%
We are such stuff/As dreams are made onProspero
44%
Once more unto the breach, dear friendsHenry V
39%
It is a tale/Told by an idiot, full of sound and fury/Signifying nothingMacbeth
37%
Good night sweet prince/And flights of angels sing thee to thy rest!Horatio
32%
Cowards die many times before their deaths/The valiant never taste of death but onceJulius Caesar
31%
Let's kill him boldly, but not wrathfully/Let's carve him as a dish fit for the godsBrutus
20%
Cry "Havoc!" and let slip the dogs of warMarcus Antonius
20%
My words fly up, my thoughts remain below/Words without thoughts never to heaven goKing Claudius
17%
The lady doth protest too much, methinksQueen Gertrude
17%
Perdition catch my soul/But I do love thee! and when I love thee not/Chaos is come againOthello
14%
O, I am slain!Polonius
14%
The better part of valor is discretionFalstaff
5%

Score Distribution

Percentile by Number Answered

Percent of People with Each Score

Your Score History

You have not taken this quiz